000 00868nam a2200301Ia 4500
001 76194
003 IT-RoPAU
008 130308s9999 xx 000 0 und d
040 _aIT-RoPAU
040 _cIT-RoPAU
041 _aPORTOGHESE
100 _aNegrao Joao José
100 _gCodice Aut. SPICS: 26320
245 _aComunicacao no sindicato dos bancarios de Sao Paulo (A)
245 _bPoliticas de Comunicacao: Participacao Popular
250 _a1a ed.
260 _aSAO PAULO
260 _bEdicoes Paulinas
260 _c1988 [1° Ed.:1988 - Ed.Ling.Originale:1988]
300 _a"5 p. (prefazione: no ; testo: 5 [pagine: 129-133])"
500 _aComunicazione nel sindacato dei Bancari di San Paolo
650 _aPASTORALE E CULTURE
650 _eCodice materia Spics: 9302
942 _cBK
957 _71
999 _c64234
_d64234
999 _bSI
999 _g1